000 01067nam a22002177a 4500
999 _c1142
_d1142
003 AR-CdUCM
008 190226b ||||| |||| 00| 0 spa d
040 _aMUNICIPALIDAD PROVINCIAL DEL CUSCO
_cBIBLIOTECA MUNICIPAL DEL CUSCO
082 _a343.332 /
_bSI54
100 _aSiles Vallejos, Abraham
_94487
245 _aModernización y reforma de los sistemas de justicia en américa latina y el caribe /
260 _aLima :
_bConsejo de Coordinación Judicial;
_b[Yelmo S.A.]
_c1998.
300 _a115 páginas ;
_bCuadros.
_c22 cm.
440 _aCuadernos de Debate Judicial: investigaciones
_94488
505 _aVolumen I, contenido: "Justicia emergente": un proceso de alcance regional -- La problemática de la justicia en la región -- Criterios para la delimitación del objeto de estudio: la noción de "reformas judiciales exhaustivas" -- dificultades y obstáculos para un estudio comparativo...
650 _aReformas
_94489
650 _aSistema judicial
_94490
650 _aAmérica latina
_94491
942 _2ddc
_cLIBROS
945 _alccs
_d2019-02-26